000 00238nam a2200085Ia 4500
245 0 _aAt school, what if ... ?
100 _a SCHERMBRUCKER, Reviva Lansdowne, 2003
_9101078
942 _cBK
008 210818s9999 xx 000 0 und d
999 _c436271
_d436270